000 01033nam a2200325 i 4500
001 000039328
003 DO-SdBNP
005 20250910085346.0
007 ta
008 250127s1985 dr a 000 f spa d
020 _a848400077X
040 _aDO-SdBNP
_bspa
_cBNPHU
_erda
041 _aspa
082 4 _aRD863.44
_bP936p
_222
100 1 _aPrestol Castillo, Freddy,
_d1913-1981
_eautor
_4aut.
_929475
245 1 0 _aPablo Mamá /
_cFreddy Prestol Castillo.
250 _aPrimera edición
264 4 _aSanto Domingo, República Dominicana :
_bEdiciones de Taller,
_c©1985.
300 _axxiii, 183 páginas :
_bilustraciones ;
_c20 cm.
336 _atexto
_btxt
_2rdacontent
337 _asin mediación
_bn
_2rdamedia
338 _avolumen
_bnc
_2rdacarrier
490 _aBiblioteca Taller ;
_v136
590 _aInventariado, 2025/ YL
650 4 _aNovela dominicana
_9223
650 4 _aLiteratura dominicana.
_967
700 1 _aPrestol, Miguel Ángel,
_epresentador
_4pr.
_96419
910 _aYLockward
942 _2ddc
_cLBS1
999 _c38818
_d38818